000 00677nam a2200241Ia 4500
003 OSt
005 20220926022745.0
006 a|||||r|||| 00| 0
007 ta
008 220923b |||||||| |||| 00| 0 eng d
020 _a0442228775
037 _cGeneral Book
040 _aRTL
_cRTL
_beng
041 _2eng
_aeng
082 _aU435.73.N7, L3
100 _aGruen Victor
_953226
245 0 _aCenters for the urban environment
_b Survival of th
260 _aNew York
_bVan Nostrand Reinhold
_c1973
300 _ax, 266p
_ccm.
650 _aUrban Geography
942 _hU435.73.N7, L3
_cGB
_2CC
999 _c640210
_d640210